[Event "Chigorin Memorial"]
[Site "St Petersburg"]
[Date "2016.10.22"]
[Round "8.72"]
[White "Salemgareev, Tagir"]
[Black "Shurunov, Andrei"]
[Result "1-0"]
[WhiteElo "2305"]
[BlackElo "2158"]
[PlyCount "115"]
[EventDate "2016.10.15"]
[EventType "swiss"]
[EventRounds "9"]
[EventCountry "RUS"]

1. d4 Nf6 2. c4 e6 3. Nf3 Bb4+ 4. Nbd2 O-O 5. a3 Be7 6. e4 d6 7. Bd3 Nbd7 8.
O-O e5 9. d5 a5 10. b3 Nc5 11. Bc2 Bg4 12. Rb1 Qd7 13. h3 Bxf3 14. Qxf3 h6 15.
Re1 b5 16. b4 axb4 17. axb4 Nb7 18. Bd3 bxc4 19. Nxc4 Rfc8 20. Re2 Bd8 21. Ne3
Ne8 22. Nf5 Bg5 23. Rc2 Rcb8 24. Qg4 Nf6 25. Qg3 Nh5 26. Qf3 Nf6 27. h4 Bxc1
28. Rbxc1 Rc8 29. Nxh6+ Kf8 30. Nf5 Ra4 31. h5 Rxb4 32. h6 g6 33. Nxd6 Qxd6 34.
Rc6 Nh7 35. Rxd6 Nxd6 36. Qg3 Re8 37. Rxc7 Rd4 38. Rd7 Nxe4 39. Bxe4 Rxe4 40.
Qa3+ Kg8 41. Qd6 Rh4 42. Rd8 Rf8 43. Qe7 Rxh6 44. d6 Rxd8 45. Qxd8+ Nf8 46. d7
Kg7 47. Qxf8+ Kxf8 48. d8=Q+ Kg7 49. Qe7 Rh8 50. Qxe5+ Kh7 51. Kh2 Kg8+ 52. Kg3
Rh6 53. Kf4 Rh2 54. Kf3 Rh6 55. g4 Rh1 56. Kf4 Rh2 57. f3 Rh3 58. Qc3 1-0

[Event "Chigorin Memorial"]
[Site "St Petersburg"]
[Date "2016.10.22"]
[Round "8.73"]
[White "Golikov, Daniil"]
[Black "Askerov, Marat"]
[Result "1/2-1/2"]
[WhiteElo "2114"]
[BlackElo "2299"]
[PlyCount "82"]
[EventDate "2016.10.15"]
[EventType "swiss"]
[EventRounds "9"]
[EventCountry "RUS"]

1. c4 c5 2. Nc3 Nc6 3. g3 g6 4. Bg2 Bg7 5. e4 e6 6. Nge2 Nge7 7. O-O O-O 8. d3
d6 9. Be3 Nd4 10. Rb1 Nec6 11. a3 Rb8 12. b4 b6 13. b5 Nxe2+ 14. Nxe2 Nd4 15.
Nxd4 cxd4 16. Bd2 Bb7 17. f4 f5 18. exf5 Bxg2 19. Kxg2 gxf5 20. Bb4 Qd7 21. Qf3
Rf7 22. Rbe1 Re8 23. Rf2 Rf6 24. Rfe2 Rc8 25. a4 Kh8 26. Ra2 Rf7 27. Rea1 h6
28. a5 d5 29. axb6 axb6 30. cxd5 exd5 31. Ra8 Rxa8 32. Rxa8+ Kh7 33. Qh5 Qc7
34. Kh3 Rf6 35. Qe8 Qc1 36. Qg8+ Kg6 37. Ra7 Kh5 38. Qe8+ Rg6 39. Qe2+ Rg4 40.
Rxg7 Qf1+ 41. Qxf1 Rxg3+ 1/2-1/2

[Event "Chigorin Memorial"]
[Site "St Petersburg"]
[Date "2016.10.22"]
[Round "8.74"]
[White "Paszewski, Mateusz"]
[Black "Nasybullina, Alfia"]
[Result "1/2-1/2"]
[WhiteElo "2291"]
[BlackElo "2149"]
[PlyCount "145"]
[EventDate "2016.10.15"]
[EventType "swiss"]
[EventRounds "9"]
[EventCountry "RUS"]

1. c4 e6 2. Nf3 d5 3. e3 a6 4. b3 Nf6 5. Be2 c5 6. cxd5 Nxd5 7. Bb2 Be7 8. a3
Nc6 9. Qc2 Bf6 10. Nc3 O-O 11. O-O b6 12. Rfd1 Bb7 13. Rac1 Nxc3 14. Bxc3 Bxc3
15. Qxc3 Qe7 16. d3 e5 17. Nd2 Nd4 18. Bf1 Nb5 19. Qb2 Nd6 20. b4 cxb4 21. Qxb4
b5 22. Nb3 Bd5 23. d4 Rfd8 24. Na5 Qf6 25. dxe5 Qxe5 26. Rc5 Ne4 27. Nc6 a5 28.
Qe1 Qc7 29. Rcxd5 Rxd5 30. Rxd5 Qxc6 31. Rxb5 Qc2 32. Qe2 Qxe2 33. Bxe2 Nc3 34.
Rb2 Nxe2+ 35. Rxe2 Rb8 36. g3 g6 37. Rd2 Rb1+ 38. Kg2 Ra1 39. Rd3 Ra2 40. g4
Kg7 41. h4 f6 42. g5 Kf7 43. Rd7+ Ke6 44. Rxh7 fxg5 45. hxg5 Kf5 46. Rb7 Rxa3
47. Rb5+ Kg4 48. Rc5 Ra2 49. Rc6 Kxg5 50. Kg3 Kf5 51. f3 Kg5 52. e4 a4 53. Rc5+
Kf6 54. Kf4 a3 55. Rc6+ Kf7 56. Ke5 Rf2 57. Rc7+ Kg8 58. f4 a2 59. Ra7 Kf8 60.
f5 gxf5 61. exf5 Rb2 62. Kf6 Rb6+ 63. Kg5 Rb2 64. Kg6 Rg2+ 65. Kf6 Kg8 66. Ra8+
Kh7 67. Kf7 Rg7+ 68. Ke6 Rg2 69. f6 Re2+ 70. Kf7 Rf2 71. Ra3 Kh6 72. Ra5 Rb2
73. Ra3 1/2-1/2

[Event "Chigorin Memorial"]
[Site "St Petersburg"]
[Date "2016.10.22"]
[Round "8.75"]
[White "Trapeznikova, Darya"]
[Black "Khakimov, Timur"]
[Result "0-1"]
[WhiteElo "2093"]
[BlackElo "2281"]
[PlyCount "54"]
[EventDate "2016.10.15"]
[EventType "swiss"]
[EventRounds "9"]
[EventCountry "RUS"]

1. d4 d5 2. c4 e6 3. Nc3 c5 4. cxd5 exd5 5. Nf3 Nc6 6. dxc5 Nf6 7. Bg5 Bxc5 8.
e3 O-O 9. Be2 d4 10. exd4 Nxd4 11. Nxd4 Qxd4 12. Qxd4 Bxd4 13. Bf3 Re8+ 14. Kf1
Bf5 15. h3 Rac8 16. g4 Bxc3 17. bxc3 Be4 18. Bxe4 Nxe4 19. Be3 Ng3+ 20. fxg3
Rxe3 21. Rc1 Rexc3 22. Rxc3 Rxc3 23. Kf2 Rc2+ 24. Kf3 Rxa2 25. Rd1 g6 26. Rd7
Rb2 27. Ke4 a5 0-1

[Event "Chigorin Memorial"]
[Site "St Petersburg"]
[Date "2016.10.22"]
[Round "8.76"]
[White "Tsaruk, Maksim"]
[Black "Srinath, Rao S.V"]
[Result "0-1"]
[WhiteElo "2003"]
[BlackElo "2279"]
[PlyCount "116"]
[EventDate "2016.10.15"]
[EventType "swiss"]
[EventRounds "9"]
[EventCountry "RUS"]

1. e4 e6 2. d4 d5 3. Nd2 Be7 4. Ngf3 Nf6 5. e5 Nfd7 6. Bd3 c5 7. c3 b6 8. O-O
Ba6 9. Bxa6 Nxa6 10. Re1 b5 11. Nf1 Nb6 12. Qe2 c4 13. Bd2 h6 14. b3 Nc7 15. a4
a5 16. Reb1 bxa4 17. bxa4 Rb8 18. Ra2 Nd7 19. Rxb8 Qxb8 20. Bc1 O-O 21. N3d2
Qb6 22. f4 f6 23. Ne3 fxe5 24. fxe5 Bg5 25. Ba3 Rf7 26. Nef1 Qc6 27. Qd1 Bf4
28. Nf3 h5 29. Bc1 Nb6 30. Bxf4 Rxf4 31. Qc1 Rf8 32. Ng3 Nxa4 33. Nxh5 Qb5 34.
Rf2 Ne8 35. Qa3 Rf7 36. h4 Qb3 37. Ra2 Nxc3 38. Ra1 Ne2+ 39. Kh2 Qxa3 40. Rxa3
c3 41. Ra2 Rc7 42. Rc2 Rc4 43. g3 Nc7 44. Nf4 Nxf4 45. gxf4 Nb5 46. Kg2 a4 47.
Kf2 a3 48. Ne1 Nxd4 49. Ra2 c2 50. Nd3 Rc3 51. Nc1 Nc6 52. Ke2 Nb4 53. Ra1 d4
54. Kd2 Kf7 55. h5 Rh3 56. Ke1 a2 57. Kd2 Rh2+ 58. Ke1 d3 0-1

[Event "Chigorin Memorial"]
[Site "St Petersburg"]
[Date "2016.10.22"]
[Round "8.77"]
[White "Dimitrova, Aleksandra"]
[Black "Avalyan, Artur"]
[Result "1-0"]
[WhiteElo "2269"]
[BlackElo "2138"]
[PlyCount "101"]
[EventDate "2016.10.15"]
[EventType "swiss"]
[EventRounds "9"]
[EventCountry "RUS"]

1. e4 e6 2. d4 d5 3. Nd2 c5 4. Ngf3 a6 5. exd5 exd5 6. dxc5 Bxc5 7. Nb3 Bb6 8.
Bd3 Nf6 9. Qe2+ Qe7 10. Qxe7+ Kxe7 11. O-O Ne4 12. Nfd4 Re8 13. Be3 Kf8 14.
Rfe1 Nd7 15. f3 Nef6 16. Bf4 Nb8 17. Kf1 Bd7 18. Rxe8+ Bxe8 19. Be5 Nbd7 20.
Bd6+ Kg8 21. g4 Nf8 22. Re1 a5 23. c3 a4 24. Nc5 Bc6 25. g5 Ne8 26. Be7 Ng6 27.
Bxg6 hxg6 28. Nxc6 bxc6 29. Nd3 Bc7 30. Nb4 Bxh2 31. Nxc6 Nc7 32. Kg2 Bf4 33.
Kh3 Ne6 34. Kg4 Rc8 35. Nb4 Rc4 36. b3 axb3 37. axb3 Rxc3 38. Nxd5 Bd2 39. Rxe6
fxe6 40. Nxc3 Bxc3 41. Kf4 Kf7 42. Bc5 e5+ 43. Ke4 Ke6 44. b4 Bd2 45. b5 Bxg5
46. b6 Kd7 47. Kd5 e4 48. fxe4 Bf4 49. e5 Kc8 50. e6 Bb8 51. Bd6 1-0

[Event "Chigorin Memorial"]
[Site "St Petersburg"]
[Date "2016.10.22"]
[Round "8.78"]
[White "Ovchinnikov, Vsevolod"]
[Black "Volkov, Roman"]
[Result "1-0"]
[WhiteElo "2263"]
[BlackElo "2067"]
[PlyCount "99"]
[EventDate "2016.10.15"]
[EventType "swiss"]
[EventRounds "9"]
[EventCountry "RUS"]

1. d4 Nf6 2. c4 e6 3. Nf3 b6 4. g3 Ba6 5. Qc2 Bb7 6. Bg2 c5 7. d5 exd5 8. cxd5
Nxd5 9. O-O Be7 10. Qe4 Bc6 11. Ne5 Nf6 12. Nxc6 Nxc6 13. Qa4 O-O 14. Rd1 Nd4
15. Nc3 b5 16. Nxb5 Nxe2+ 17. Kf1 Nxc1 18. Bxa8 Qxa8 19. Raxc1 Qh1+ 20. Ke2
Qxh2 21. Rc3 d5 22. Qf4 a6 23. Nc7 d4 24. Rf3 Bd8 25. Nxa6 Re8+ 26. Kd3 Bb6 27.
Rc1 Qh5 28. Qf5 Qh6 29. Rd1 Re6 30. g4 c4+ 31. Kxc4 g5 32. Nb4 Kh8 33. Kb3 Qf8
34. Qxg5 Ne4 35. Qd5 d3 36. Nxd3 Qb8 37. Qc4 Qb7 38. Rf5 Bxf2+ 39. Rb5 Bb6 40.
Nb4 Qe7 41. Rxb6 Nc5+ 42. Kc2 Rxb6 43. Nd5 Qe6 44. Nxb6 Qg6+ 45. Kc1 Qh6+ 46.
Rd2 Qxb6 47. Qd4+ f6 48. Qd8+ Qxd8 49. Rxd8+ Kg7 50. b4 1-0

[Event "Chigorin Memorial"]
[Site "St Petersburg"]
[Date "2016.10.22"]
[Round "8.79"]
[White "Kuznetsov, Roman"]
[Black "Lesovoi, Evgenij"]
[Result "0-1"]
[WhiteElo "1990"]
[BlackElo "2261"]
[PlyCount "76"]
[EventDate "2016.10.15"]
[EventType "swiss"]
[EventRounds "9"]
[EventCountry "RUS"]

1. d4 Nf6 2. Nf3 e6 3. c3 b6 4. Bg5 Bb7 5. Nbd2 Be7 6. Qc2 h6 7. Bxf6 Bxf6 8.
e4 d6 9. Rd1 Nd7 10. Be2 O-O 11. O-O Qe7 12. c4 c5 13. d5 e5 14. h3 g6 15. Nh2
Bg7 16. Bg4 Nf6 17. Be2 Nh7 18. a3 f5 19. b4 Rac8 20. Qa4 Ba8 21. bxc5 Rxc5 22.
Qb4 Nf6 23. Qb1 Bb7 24. exf5 gxf5 25. Nb3 Rc7 26. a4 a5 27. Nc1 Nd7 28. f4 exf4
29. Kh1 Nc5 30. Qxb6 Ne4 31. Kg1 Rc5 32. Qb3 Nc3 33. Rde1 Qe3+ 34. Kh1 Ne4 35.
Qxe3 fxe3 36. Rf3 f4 37. Nb3 Rc7 38. Nxa5 Bc3 0-1

[Event "Chigorin Memorial"]
[Site "St Petersburg"]
[Date "2016.10.22"]
[Round "8.81"]
[White "Saveliev, Alexei"]
[Black "Yakimenko, Viktoria"]
[Result "1-0"]
[WhiteElo "2392"]
[BlackElo "2160"]
[PlyCount "81"]
[EventDate "2016.10.15"]
[EventType "swiss"]
[EventRounds "9"]
[EventCountry "RUS"]

1. e4 c5 2. Nf3 d6 3. d4 Nf6 4. Nc3 cxd4 5. Nxd4 a6 6. Be2 e6 7. O-O Be7 8. f4
Qc7 9. Kh1 Nc6 10. Be3 O-O 11. Qe1 Nxd4 12. Bxd4 e5 13. fxe5 dxe5 14. Qg3 Nd7
15. Nd5 Qd6 16. Bc3 Bd8 17. Bb4 Nc5 18. Rad1 Qc6 19. Qxe5 Re8 20. Qh5 g6 21.
Qf3 Be6 22. Bc3 Nd7 23. Qf4 Qc5 24. Bb4 Qc6 25. Bf3 a5 26. Bc3 Qc5 27. Qh6 Qf8
28. Qd2 h6 29. Be2 Kh7 30. Bb5 Bg5 31. Qf2 f6 32. Bxd7 Bxd5 33. Bxe8 Bc4 34.
Rd7+ Kg8 35. Bxg6 Bxf1 36. Qxf1 Qc8 37. Qf5 Qc6 38. Bf7+ Kf8 39. Bd5 Qc8 40.
Rf7+ Ke8 41. Qh7 1-0

[Event "Chigorin Memorial"]
[Site "St Petersburg"]
[Date "2016.10.22"]
[Round "8.82"]
[White "Urazayev, Arystanbek"]
[Black "Drogovoz, Irina"]
[Result "0-1"]
[WhiteElo "2377"]
[BlackElo "2144"]
[PlyCount "96"]
[EventDate "2016.10.15"]
[EventType "swiss"]
[EventRounds "9"]
[EventCountry "RUS"]

1. e4 c5 2. Nf3 e6 3. g3 Nc6 4. Bg2 d6 5. O-O Nge7 6. c3 e5 7. d4 exd4 8. cxd4
Bg4 9. d5 Ne5 10. Qb3 Nxf3+ 11. Bxf3 Bxf3 12. Qxf3 Ng6 13. Qe2 Be7 14. Qb5+ Qd7
15. a4 Rf8 16. f4 O-O-O 17. Nc3 f5 18. Be3 fxe4 19. b4 Qxb5 20. axb5 Kb8 21.
Nxe4 b6 22. Ra4 Rf5 23. Rd1 h5 24. bxc5 dxc5 25. d6 Rd7 26. Kg2 Bd8 27. h3 Kc8
28. Rc4 h4 29. g4 Nxf4+ 30. Kf3 Nd3+ 31. gxf5 Ne5+ 32. Ke2 Nxc4 33. Bf4 Na3 34.
Be5 Nxb5 35. Rg1 Bf6 36. Bxf6 gxf6 37. Kf2 Nd4 38. Nxf6 Rxd6 39. Ne4 Rd5 40.
Rg8+ Kc7 41. f6 Rf5+ 42. Kg2 a5 43. Re8 Kc6 44. Re7 Kd5 45. Nc3+ Kc4 46. Ne4
Kd5 47. Nc3+ Kc6 48. f7 b5 0-1

[Event "Chigorin Memorial"]
[Site "St Petersburg"]
[Date "2016.10.22"]
[Round "8.83"]
[White "Hakobyan, Hovhannes H"]
[Black "Martynov, Pavel"]
[Result "1/2-1/2"]
[WhiteElo "2136"]
[BlackElo "2374"]
[PlyCount "106"]
[EventDate "2016.10.15"]
[EventType "swiss"]
[EventRounds "9"]
[EventCountry "RUS"]

1. e4 e6 2. Nc3 c5 3. Nf3 Nc6 4. d4 cxd4 5. Nxd4 Qc7 6. Be3 a6 7. Qf3 Bb4 8.
Nxc6 Qxc6 9. Bd4 f6 10. a3 Be7 11. O-O-O Nh6 12. g4 Nf7 13. h4 b5 14. Qg3 Bb7
15. f4 Rc8 16. Rh2 Nd6 17. g5 Nxe4 18. Nxe4 Qxe4 19. gxf6 gxf6 20. Bd3 Qf3 21.
Qg7 Qxf4+ 22. Rhd2 Rf8 23. Qxh7 f5 24. Qg6+ Rf7 25. Be2 Be4 26. c3 Bf3 27. Qg8+
Bf8 28. Bxf3 Qxf3 29. Rg1 Qh5 30. Bg7 Rc7 31. Bxf8 Rxf8 32. Qg3 f4 33. Qd3 f3
34. Rf1 Qxh4 35. Kb1 Qf4 36. Ka1 Rf5 37. Rdf2 Qc4 38. Qe3 Rcc5 39. Rxf3 Qxf1+
40. Rxf1 Rxf1+ 41. Ka2 Rd5 42. Qb6 Rd2 43. Qxa6 Rff2 44. Qxb5 Rxb2+ 45. Qxb2
Rxb2+ 46. Kxb2 Kd8 47. c4 Kc7 48. Kc3 Kb6 49. Kd4 d6 50. a4 Ka5 51. c5 e5+ 52.
Kd5 dxc5 53. Kxc5 Kxa4 1/2-1/2

[Event "Chigorin Memorial"]
[Site "St Petersburg"]
[Date "2016.10.22"]
[Round "8.84"]
[White "Zarubitski, Viachaslau"]
[Black "Ungurs, Edgars"]
[Result "0-1"]
[WhiteElo "2340"]
[BlackElo "2140"]
[PlyCount "94"]
[EventDate "2016.10.15"]
[EventType "swiss"]
[EventRounds "9"]
[EventCountry "RUS"]

1. e4 e5 2. Nf3 Nc6 3. Bb5 a6 4. Ba4 Nf6 5. O-O Be7 6. Re1 b5 7. Bb3 d6 8. c3
O-O 9. h3 Bb7 10. d4 Qd7 11. Nbd2 Rae8 12. Nf1 exd4 13. cxd4 Na5 14. Bc2 d5 15.
e5 Ne4 16. Bf4 f5 17. Qd3 c5 18. dxc5 Nxc5 19. Qe2 Ne6 20. Bh2 d4 21. Red1 g6
22. N1d2 Rc8 23. Bb3 Bd5 24. Bxd5 Qxd5 25. Nb3 Nc6 26. Rd2 Rfd8 27. Rad1 a5 28.
Nc1 Bf8 29. a3 b4 30. axb4 axb4 31. b3 Na5 32. Bg3 Rxc1 33. Rxc1 Nxb3 34. Rb1
d3 35. Qd1 Nxd2 36. Qxd2 Nc5 37. Qxb4 d2 38. Nxd2 Qxd2 39. Qc4+ Qd5 40. Qxd5+
Rxd5 41. Rb8 Ne6 42. Rb6 Kf7 43. Rb7+ Be7 44. f4 h6 45. Be1 Nxf4 46. Bb4 Rd1+
47. Kh2 Nd5 0-1

[Event "Chigorin Memorial"]
[Site "St Petersburg"]
[Date "2016.10.22"]
[Round "8.85"]
[White "Rudenko, Naum"]
[Black "Kononenko, Dmitry"]
[Result "1-0"]
[WhiteElo "2102"]
[BlackElo "2315"]
[PlyCount "95"]
[EventDate "2016.10.15"]
[EventType "swiss"]
[EventRounds "9"]
[EventCountry "RUS"]

1. e4 c6 2. Nc3 d5 3. Nf3 Bg4 4. h3 Bxf3 5. Qxf3 Nf6 6. d4 e6 7. Bd3 Bb4 8. e5
Nfd7 9. Qg3 Bf8 10. O-O c5 11. Nb5 c4 12. Be2 Qb6 13. Nd6+ Bxd6 14. Qxg7 Rf8
15. exd6 Qxd6 16. b3 Nc6 17. a4 c3 18. Ba3 Nb4 19. Qxh7 O-O-O 20. Qd3 a5 21.
Qxc3+ Kb8 22. Qd2 Rh8 23. c3 Rdg8 24. Qe3 e5 25. dxe5 Qg6 26. Qg3 Qh7 27. Bg4
Nc2 28. e6+ Ka8 29. exd7 Nxa3 30. Rxa3 f5 31. Qc7 fxg4 32. d8=Q+ Rxd8 33. Qxh7
Rxh7 34. hxg4 Rc8 35. Ra2 Rxc3 36. Rd2 Rxb3 37. Rxd5 b6 38. Rfd1 Kb7 39. g5 Kc6
40. g6 Rg7 41. Rd6+ Kc5 42. f4 Rg3 43. f5 Re7 44. Kf2 Rg5 45. R1d5+ Kc4 46. f6
Rxd5 47. Rxd5 Re6 48. Rf5 1-0

[Event "Chigorin Memorial"]
[Site "St Petersburg"]
[Date "2016.10.22"]
[Round "8.86"]
[White "Yeritsyan, Aram"]
[Black "Sichinava, Zviad"]
[Result "1/2-1/2"]
[WhiteElo "2114"]
[BlackElo "2305"]
[PlyCount "109"]
[EventDate "2016.10.15"]
[EventType "swiss"]
[EventRounds "9"]
[EventCountry "RUS"]

1. e4 e6 2. d4 d5 3. Nc3 Bb4 4. e5 c5 5. a3 Ba5 6. b4 cxd4 7. Nb5 Bc7 8. f4 Bd7
9. Nxc7+ Qxc7 10. Bd3 Ba4 11. Nf3 Nc6 12. O-O a6 13. Qe2 Nge7 14. Qf2 Nf5 15.
Re1 g6 16. Bb2 h5 17. Rac1 a5 18. b5 Na7 19. Nxd4 Nxd4 20. b6 Qd7 21. Bxd4 Nc6
22. Bc5 Ne7 23. c4 dxc4 24. Be4 Bb3 25. Re2 Rd8 26. Qf3 Qb5 27. Qf2 Nd5 28. Rd2
Rc8 29. Bxd5 Rxc5 30. Bxb7 Qxb6 31. Rd6 Qc7 32. Rc3 O-O 33. Bf3 Rb5 34. Bxh5
Qc5 35. Qxc5 Rxc5 36. Be2 Rb8 37. Kf2 Ba2 38. Rd2 Bb3 39. Ke3 Kf8 40. Rd4 g5
41. g3 gxf4+ 42. gxf4 Ke7 43. h4 Rg8 44. Kf2 Rd5 45. Re4 Rd2 46. Ke3 Rd5 47.
Kf2 a4 48. h5 Rd2 49. Ke3 Ra2 50. Bxc4 Rc8 51. Kd4 Rd8+ 52. Kc5 Rc8+ 53. Kd4
Rd8+ 54. Kc5 Rc8+ 55. Kd4 1/2-1/2

[Event "Chigorin Memorial"]
[Site "St Petersburg"]
[Date "2016.10.22"]
[Round "8.87"]
[White "Shchukin, Dmitry"]
[Black "Navrodskiy, Boris"]
[Result "1-0"]
[WhiteElo "2300"]
[BlackElo "2099"]
[PlyCount "67"]
[EventDate "2016.10.15"]
[EventType "swiss"]
[EventRounds "9"]
[EventCountry "RUS"]

1. e4 c6 2. c4 d5 3. cxd5 cxd5 4. exd5 Nf6 5. Qa4+ Nbd7 6. Nc3 g6 7. Bc4 Bg7 8.
Nf3 O-O 9. d3 a6 10. Qa3 Nb6 11. Qb3 Nxc4 12. dxc4 b5 13. cxb5 axb5 14. O-O b4
15. Qxb4 Nxd5 16. Nxd5 Qxd5 17. a4 Ba6 18. Re1 e5 19. Qh4 f5 20. Bh6 Bf6 21.
Bg5 Bg7 22. Rad1 Qb3 23. Rd7 e4 24. Rxg7+ Kxg7 25. Bh6+ Kg8 26. Bxf8 Rxf8 27.
Ng5 h5 28. Qf4 Qb8 29. Qd2 Qd8 30. Qe3 Qf6 31. Qb3+ Kh8 32. h4 Rc8 33. Rd1 Qg7
34. Qe6 1-0

[Event "Chigorin Memorial"]
[Site "St Petersburg"]
[Date "2016.10.22"]
[Round "8.88"]
[White "Li, Yankai"]
[Black "Chibukhchyan, Erik"]
[Result "1-0"]
[WhiteElo "2298"]
[BlackElo "2135"]
[PlyCount "67"]
[EventDate "2016.10.15"]
[EventType "swiss"]
[EventRounds "9"]
[EventCountry "RUS"]

1. d4 Nf6 2. c4 e6 3. Nc3 Bb4 4. Qc2 O-O 5. e4 d6 6. a3 Bxc3+ 7. bxc3 e5 8. Bd3
Nc6 9. Ne2 h6 10. O-O b6 11. f4 Ba6 12. Rf3 Na5 13. Ng3 Bxc4 14. fxe5 dxe5 15.
Bxc4 Nxc4 16. Nf5 Kh7 17. Qe2 b5 18. Rg3 Rg8 19. Rh3 Rh8 20. Qf3 Kg8 21. Rg3
Ne8 22. Nxh6+ Rxh6 23. Bxh6 exd4 24. Rf1 Ne5 25. Qf5 Qe7 26. cxd4 Ng6 27. Rxg6
fxg6 28. Qd5+ Kh7 29. Bg5 Qd6 30. Qxa8 Qxd4+ 31. Kh1 Nd6 32. Qd5 Qxe4 33. Qxe4
Nxe4 34. Be3 1-0

[Event "Chigorin Memorial"]
[Site "St Petersburg"]
[Date "2016.10.22"]
[Round "8.89"]
[White "Svidinsky, Dmitry"]
[Black "Bykov, Egor"]
[Result "1-0"]
[WhiteElo "2099"]
[BlackElo "2292"]
[PlyCount "79"]
[EventDate "2016.10.15"]
[EventType "swiss"]
[EventRounds "9"]
[EventCountry "RUS"]

1. d4 d5 2. c4 e6 3. Nc3 Nf6 4. Nf3 Be7 5. Bf4 O-O 6. e3 a6 7. c5 Nc6 8. a3 Nh5
9. h3 Nxf4 10. exf4 Bd7 11. Be2 Be8 12. O-O Bf6 13. b4 g6 14. Qd2 Bg7 15. Rad1
Ne7 16. g3 f6 17. Rfe1 Bf7 18. Bf1 Qd7 19. Qb2 b6 20. Qc2 Rfb8 21. Rb1 Bf8 22.
Bd3 Qc8 23. Na4 b5 24. Nc3 c6 25. a4 Bg7 26. Kh2 Qc7 27. axb5 axb5 28. Ra1 Qb7
29. Qb2 Nf5 30. Rxa8 Rxa8 31. Ra1 Ra6 32. Ra5 Rxa5 33. bxa5 Ne7 34. Qa3 Nc8 35.
a6 Qa8 36. Qa5 Bf8 37. Na2 Be7 38. Nb4 Na7 39. Qc7 Bd8 40. Qb7 1-0

[Event "Chigorin Memorial"]
[Site "St Petersburg"]
[Date "2016.10.22"]
[Round "8.90"]
[White "Myshkovskiy, Sviatoslav"]
[Black "Danielyan, Vahe"]
[Result "0-1"]
[WhiteElo "2093"]
[BlackElo "2270"]
[PlyCount "88"]
[EventDate "2016.10.15"]
[EventType "swiss"]
[EventRounds "9"]
[EventCountry "RUS"]

1. d4 Nf6 2. Bf4 g6 3. Nc3 d5 4. Qd2 c6 5. f3 Nbd7 6. e4 Nb6 7. e5 Nh5 8. Be3
Ng7 9. g4 h5 10. Be2 hxg4 11. fxg4 Nc4 12. Bxc4 dxc4 13. Qg2 Be6 14. Nge2 Qd7
15. h3 Bd5 16. Nxd5 cxd5 17. Qf3 Ne6 18. Nc3 Nc7 19. O-O-O e6 20. Rdf1 Rh7 21.
Bg5 Be7 22. Bxe7 Qxe7 23. Qf6 Qxf6 24. Rxf6 Ke7 25. Rhf1 b5 26. R6f3 Rf8 27.
Ne2 b4 28. Kd2 Nb5 29. Ke3 a5 30. Nf4 Rc8 31. Ne2 a4 32. Kd2 g5 33. R1f2 c3+
34. bxc3 Rc4 35. Rf1 bxc3+ 36. Kd3 Rb4 37. a3 Nxa3 38. Kxc3 Rc4+ 39. Kb2 Nxc2
40. Rc3 Rxc3 41. Kxc3 Ne3 42. Rf3 Nc4 43. Kb4 a3 44. Kb3 Nd2+ 0-1

[Event "Chigorin Memorial"]
[Site "St Petersburg"]
[Date "2016.10.22"]
[Round "8.91"]
[White "Nasibullin, Iskander"]
[Black "Egorov, Pavel"]
[Result "0-1"]
[WhiteElo "2085"]
[BlackElo "2257"]
[PlyCount "102"]
[EventDate "2016.10.15"]
[EventType "swiss"]
[EventRounds "9"]
[EventCountry "RUS"]

1. e4 c5 2. c3 Nf6 3. e5 Nd5 4. d4 cxd4 5. Nf3 Nc6 6. cxd4 d6 7. Bc4 Nb6 8. Bb5
dxe5 9. Nxe5 Bd7 10. Bxc6 Bxc6 11. Nxc6 bxc6 12. O-O e6 13. Nc3 Be7 14. Qg4 Bf6
15. Rd1 Nc4 16. Ne4 O-O 17. b3 Nd6 18. Nxf6+ Qxf6 19. Bf4 Nf5 20. Be5 Qe7 21.
Rac1 f6 22. Bg3 Rac8 23. Re1 Qd7 24. h3 Nxd4 25. Red1 Rfd8 26. Rxd4 Qxd4 27.
Qxe6+ Kh8 28. Rxc6 Rxc6 29. Qxc6 Qa1+ 30. Kh2 Qxa2 31. Qc7 Rg8 32. b4 Qa6 33.
Qe7 Qb6 34. Kg1 a6 35. Kh2 Qc6 36. h4 h6 37. Qf7 Qe4 38. Qa7 Qc4 39. Qb7 Re8
40. Qa7 Re6 41. Qb7 Re8 42. Qd7 Re6 43. Qd8+ Kh7 44. Qb8 Re2 45. Qb7 Rb2 46.
Qf3 Qxb4 47. Qf5+ Kg8 48. Bd6 Qxh4+ 49. Kg1 Rb5 50. Qe6+ Kh7 51. Qa2 Qe4 0-1

[Event "Chigorin Memorial"]
[Site "St Petersburg"]
[Date "2016.10.22"]
[Round "8.92"]
[White "Lazhevskaya, Zhanni"]
[Black "Khalafova, Narmin"]
[Result "1-0"]
[WhiteElo "2065"]
[BlackElo "2256"]
[PlyCount "73"]
[EventDate "2016.10.15"]
[EventType "swiss"]
[EventRounds "9"]
[EventCountry "RUS"]

1. e4 c5 2. Nf3 d6 3. d4 cxd4 4. Qxd4 Nc6 5. Bb5 Bd7 6. Bxc6 Bxc6 7. Nc3 h6 8.
Be3 e5 9. Qd3 Nf6 10. O-O Be7 11. Rfd1 O-O 12. h3 Qa5 13. a3 b5 14. Nd2 a6 15.
Nf1 Rfd8 16. Ng3 d5 17. exd5 Nxd5 18. Nxd5 Bxd5 19. Qe2 Rac8 20. Bxh6 Qc7 21.
Qg4 g6 22. Bg5 Be6 23. Qh4 Bxg5 24. Qxg5 Rxd1+ 25. Rxd1 Qxc2 26. Re1 Qxb2 27.
Ne4 Qxa3 28. Re3 Qa1+ 29. Kh2 Kg7 30. Qf6+ Kg8 31. Ng5 Bd5 32. Rd3 Qa2 33. Qxe5
Bc4 34. Rf3 Bd5 35. Rf4 Rc6 36. Rh4 f6 37. Qe8+ 1-0

[Event "Chigorin Memorial"]
[Site "St Petersburg"]
[Date "2016.10.22"]
[Round "8.93"]
[White "Melnikov, Dmitry"]
[Black "Ufimtsev, Egor"]
[Result "1/2-1/2"]
[WhiteElo "2254"]
[BlackElo "2088"]
[PlyCount "137"]
[EventDate "2016.10.15"]
[EventType "swiss"]
[EventRounds "9"]
[EventCountry "RUS"]

1. e4 c5 2. Nf3 e6 3. b3 b6 4. Bb2 Bb7 5. Qe2 d6 6. d4 cxd4 7. Nxd4 Nf6 8. Nc3
Be7 9. O-O-O O-O 10. e5 Nd5 11. exd6 Nxc3 12. Bxc3 Qxd6 13. Nb5 Qf4+ 14. Qe3
Qxe3+ 15. fxe3 Rc8 16. Bb2 Be4 17. Bd3 Bxd3 18. Rxd3 Nc6 19. a3 Rd8 20. Rhd1
Rxd3 21. Rxd3 Rd8 22. Kd2 Kf8 23. Rxd8+ Bxd8 24. Nd4 Nxd4 25. exd4 Ke7 26. a4
Kd6 27. Kd3 Kc6 28. c4 Bc7 29. h3 a6 30. g4 g6 31. Bc1 f5 32. gxf5 gxf5 33. Bb2
b5 34. Ba3 bxa4 35. bxa4 Bd6 36. Bb2 Bf4 37. Bc3 Bg5 38. Ke2 Bh6 39. Kf3 Bg5
40. Ke2 Bh6 41. h4 Bc1 42. h5 Bg5 43. Bb4 Bf6 44. Ke3 Bg5+ 45. Kd3 Bc1 46. Be7
Kd7 47. Bf6 Kc6 48. Ke2 Bf4 49. Kf3 Bc1 50. Be5 Bd2 51. Bf4 Bc3 52. Ke3 Bb2 53.
Kd3 Ba3 54. Be3 Kd6 55. Kc3 Kc6 56. Kd3 Bd6 57. Ke2 Ba3 58. Bf4 Bb2 59. Ke3
Bc1+ 60. Kf3 Bb2 61. Be5 Bc1 62. Kg3 Bd2 63. Kh4 Be3 64. Bg7 Bd2 65. Kg3 Kd6
66. Kf3 Kc6 67. Be5 Bc1 68. Bf4 Bb2 69. Be5 1/2-1/2